| 000 | 00401pab a2200145 454500 | ||
|---|---|---|---|
| 008 | 180718b1998 xxu||||| |||| 00| 0 eng d | ||
| 100 | _aDonaldson, Lex | ||
| 245 | _aThe myth of paradigm incommensurability in management studies: comments by an integrationist | ||
| 260 | _c1998 | ||
| 300 | _ap.267-72 | ||
| 362 | _aMay | ||
| 650 | _aManagement education | ||
| 773 | _aOrganization | ||
| 909 | _a38386 | ||
| 999 |
_c38386 _d38386 |
||